| 000 | 00830nam a2200241 i 4500 | ||
|---|---|---|---|
| 001 | 184053 | ||
| 003 | ES-MaACL | ||
| 005 | 20251105063137.0 | ||
| 008 | 150225s2008 sp |||| | spa d | ||
| 020 | _a978-84-9800-364-2 | ||
| 080 | _a821.111(73)-31"19" | ||
| 100 | 1 |
_aMoore, Christopher, _d1957- _9156452 |
|
| 245 | 1 | 3 |
_aEl ángel más tonto del mundo / _cChristopher Moore ; traducción, Omar El-Kashef. |
| 250 | _a3ª ed. | ||
| 260 |
_aArganda del Rey, Madrid : _bLa Factoría de Ideas, _c2008. |
||
| 300 |
_a249 p. ; _c19 cm. |
||
| 490 | 1 |
_a[Bolsillo de ideas] ; _v3. _aNovela |
|
| 586 | _aNovela ganadora del Quill Book Award | ||
| 830 | 0 |
_a[Bolsillo de ideas] ; _v3. _aNovela _9225036 |
|
| 852 |
_aES-MaACL _jA-13427 _9191019 _bR.150242 _cDEPO1 _dOlim: N-6427 |
||
| 942 | _2udc | ||
| 999 |
_c184053 _d184053 |
||